| 000 | 00790nam a22002177a 4500 | ||
|---|---|---|---|
| 999 |
_c14066 _d14066 |
||
| 003 | AR-CdUCM | ||
| 008 | 190417b ||||| |||| 00| 0 spa d | ||
| 040 |
_aMUNICIPALIDAD PROVINCIAL DEL CUSCO _cBIBLIOTECA MUNICIPAL DEL CUSCO |
||
| 082 |
_a343.974 / _bA67 |
||
| 100 |
_aRamirez Cabañas, Joaquin _96126 |
||
| 245 | _aLas relaciones entre México y el Vaticano / | ||
| 260 |
_aMéxico . _bPorrua, _c1970. |
||
| 300 |
_a238 páginas ; _c21 cm. |
||
| 440 |
_aArchivo histórico diplomático mexicano _n27 _932739 |
||
| 505 | _aContenido : Introductorio -- Documentos -- Decreto de 4 de mayo de 1822, sobre enviados a las potencias extranjeras ... | ||
| 650 |
_aSociales _928612 |
||
| 650 |
_aMéxico _918 |
||
| 650 |
_aVaticano _932442 |
||
| 942 |
_2ddc _cLIBROS |
||
| 945 |
_arah _d17/04/2019 |
||